Statistics for Blue States

Click here to take the quiz!

General Stats

  • This quiz has been taken 119 times
  • The average score is 16 of 18

Answer Stats

Answer% Correct
California
99%
New York
97%
Vermont
96%
Oregon
94%
Rhode Island
93%
Maine
92%
Washington
92%
Connecticut
91%
Delaware
88%
Maryland
85%
New Jersey
85%
Massachusetts
84%
Michigan
82%
Hawaii
79%
Illinois
79%
Pennsylvania
79%
Wisconsin
75%
Minnesota
74%

Score Distribution

Percentile by Number Answered

Percent of People with Each Score

Your Score History

You have not taken this quiz